000 00326nam a2200133Ia 4500
008 191201s2013 xx 000 0 und d
100 _aMATHUR, Aditya P
245 0 _aFoundation of Software Testing
250 _a1st imp
260 _aNew Delhi
_bpearson
_c2013
300 _a697
650 _aM.Tech(CSE)
942 _2ddc
_cBK
_01
999 _c5976
_d5976